Govt. of
Madhya Pradesh

मध्‍यप्रदेश लोक सेवा आयोग राज्‍य सेवा पुख्‍य परीक्षा सॉल्‍वड पेपर्स सामाज शास्‍त्र (Record no. 47376)

MARC details
000 -LEADER
fixed length control field 006220000a22001570004500
003 - CONTROL NUMBER IDENTIFIER
control field MACL
005 - DATE AND TIME OF LATEST TRANSACTION
control field 20160123120644.0
008 - FIXED-LENGTH DATA ELEMENTS--GENERAL INFORMATION
fixed length control field 160123b xxu||||| |||| 00| 0 eng d
040 ## - CATALOGING SOURCE
Original cataloging agency MACL
Transcribing agency MACL
041 ## - LANGUAGE CODE
Language code of text/sound track or separate title English
082 ## - DEWEY DECIMAL CLASSIFICATION NUMBER
Classification number 300
245 ## - TITLE STATEMENT
Title मध्‍यप्रदेश लोक सेवा आयोग राज्‍य सेवा पुख्‍य परीक्षा सॉल्‍वड पेपर्स सामाज शास्‍त्र
260 ## - PUBLICATION, DISTRIBUTION, ETC. (IMPRINT)
Place of publication, distribution, etc. इन्‍दौर
Name of publisher, distributor, etc. पुणेकर प‍ब्लिकेशन्‍स
Date of publication, distribution, etc. 1992
350 ## - PRICE (NR) (BK AM CF MU VM SE) [OBSOLETE]
Price 250
942 ## - ADDED ENTRY ELEMENTS (KOHA)
Koha item type Hindi Books
Call number prefix 300
Source of classification or shelving scheme

No items available.